000 01207nam a22003497a 4500
003 CHAP
005 20220329135719.0
008 971013s1995 r 00010 d
010 _a41010
011 _a41982
035 _a46109
040 _cCHAP
090 _aTesis
100 0 0 _aLópez Herrera, Isela Josefina.
_967984
245 _aEvaluación de la calidad de lana de ovinos criollos, Corriedale, Rambouillet y Suffolk
260 _aChapingo, Méx. :
_bEl autor,
_c1995
300 _a106 h.
_b: ilus.
502 _aTesis (Ing. Agr. Esp. en Zootecnia) -- UACH. Departamento de Zootecnia
590 _aALEPH
_b10
_c20130110
_lUCH01
_h1310
590 _aBATCH-UPD
_b10
_c20130109
_lUCH01
_h2340
590 _aBATCH-UPD
_b10
_c20130110
_lUCH01
_h1645
590 _aBATCH-UPD
_b10
_c20130409
_lUCH01
_h1909
590 _aBATCH-UPD
_b10
_c20130914
_lUCH01
_h1518
590 _aCONVERSION
_b10
_c20130109
_lUCH01
_h1323
650 1 4 _aGanado lanar
_xEsquila.
_945177
650 1 4 _aGanado lanar
_xRazas.
_945218
650 1 4 _aLana
_xNormas de calidad.
_964616
901 _aBK
942 _cFOLL
949 _bBC
_cTES
_d-105134
_eTS1
_h30422
_i46109
_si
949 _bBC
_cTES
_d33724000005468
_eTS2
_fc.2
_h30423
_i46109
_si
999 _c41010
_d41010